01267nam a2200385 i 45000010005000000030009000050050017000140080039000310200015000700400036000850410008001210800008001290800012001371000043001492450070001922500017002622600048002793000053003273360027003803370054004073380028004613800016004893800027005053850039005323880014005713880014005854900022005996500020006216550030006416580011006717000045006827100028007278560097007558300029008526455KOSZ 00520200814144727.0 s1993 pl f |000 0 pol a8301055545 cKOSZ 005aKOSZ 005dKOSZ 005/EG apol a544 a(075.8)1 aPigoń, Krzysztofd(1925-2001)eAutor10aChemia fizyczna.nCz.2 /cKrzysztof Pigoń, Zdzisław Ruziewicz. aWyd. 4 popr. aWarszawa :bWydawnictwo Naukowe PWN,c1993. aS. [4], 469-886, [1] s. :brys., wykr. ;c24 cm. 2rdacontentaTekstbtxt 2rdamediaaBez urządzenia pośredniczącegobn 2rdacarrieraWoluminbnc aKsiążki aPublikacje dydaktyczne mPoziom nauczaniaaSzkoły wyższe a1901-2000 a1989-20001 aBiblioteka Chemii aChemia fizyczna aPodręczniki akademickie aChemia1 aRuziewicz, Zdzisławd(1925-1997)eAutor2 aWydawnictwo Naukowe PWN uhttp://koha.tu.koszalin.pl/cgi-bin/koha/opac-detail.pl?biblionumber=6455yKatalog online BPK aBiblioteka Chemii vT. 4